000 01054nac a22003377a 4500
001 BR0301725
003 BR-BrBNA
005 20240105122800.0
008 230509b bl.|||m| |||| 00| 0 por d
040 _aBR-BrBNA
_bpor
_cBiblioteca Nacional de Agricultura
072 _aE11; P32
090 _aE11 BR0301725
100 1 _aCardoso, E.L.
100 1 _aSpera, S.T.
100 1 _aPellegrin, L.A.
100 1 _aSpera, M.R.N.
110 1 _aEMBRAPA Pantanal, Corumbá, MS (Brasil)
_93692
245 1 _aSolos do assentamento Taquaral - Corumbá-MS: caracterização, limitações e aptidão agrícola
260 3 _aCorumbá, MS (Brasil):
_c2002.
300 _a36 p.
490 _aDocumentos - EMBRAPA Pantanal (Brazil)
_vno. 29
_xISSN 1517-1973
500 _a8 tables; 7 ref.
650 _aSOLO
650 _aRECONHECIMENTO DO SOLO
650 _aASSENTAMENTO
650 _aAPTIDÃO AGRÍCOLA
650 _aPROPRIEDADE FÍSICO-QUÍMICA
650 _aPANTANAL
909 _a202312
_bLúcia Elande
_c55
_dLúcia Elande
942 _2AGRIS
_n0
_cMS
999 _c292800
_d292800